| 000 | 00533nam a2200193Ia 4500 | ||
|---|---|---|---|
| 005 | 20260429112201.0 | ||
| 008 | 260429s9999||||xx |||||||||||||| ||und|| | ||
| 020 | _a9789384370718 | ||
| 041 | _aEnglish | ||
| 082 |
_a297.40954 _bKHA |
||
| 100 | _aKhan, Nasir Raza | ||
| 245 | 0 |
_aRegional Sufi centres in India : _bsignificance and contribution / _cNasir Raza Khan |
|
| 250 | _a1st ed. | ||
| 260 |
_aNew Delhi : _bManakin Press, _c2015. |
||
| 300 | _ax, 138 p.; hb | ||
| 650 | _a India | ||
| 650 | _aSufi centres | ||
| 942 | _cTB | ||
| 999 |
_c52773 _d52773 |
||